I went walking / (Record no. 113499)
[ view plain ]
| 000 -LEADER | |
|---|---|
| fixed length control field | 00506nam a2200181 a 4500 |
| 001 - CONTROL NUMBER | |
| control field | 0362 |
| 005 - DATE AND TIME OF LATEST TRANSACTION | |
| control field | 20140414132022.0 |
| 008 - FIXED-LENGTH DATA ELEMENTS--GENERAL INFORMATION | |
| fixed length control field | 040910s19uu xx 00 eng d |
| 020 ## - INTERNATIONAL STANDARD BOOK NUMBER | |
| International Standard Book Number | 0-590-99464-6 |
| 050 ## - LIBRARY OF CONGRESS CALL NUMBER | |
| Classification number | TR |
| Item number | IW2 1989 |
| 100 ## - MAIN ENTRY--PERSONAL NAME | |
| Personal name | Williams, Sue |
| 245 ## - TITLE STATEMENT | |
| Title | I went walking / |
| Statement of responsibility, etc | written by Sue Williams ; illustrated by Julie Vivas. |
| 260 ## - PUBLICATION, DISTRIBUTION, ETC. (IMPRINT) | |
| Place of publication, distribution, etc | New York : |
| Name of publisher, distributor, etc | Scholastic, |
| Date of publication, distribution, etc | 1989. |
| 300 ## - PHYSICAL DESCRIPTION | |
| Extent | 1 v.p. : ill. ; cm. |
| 650 ## - SUBJECT ADDED ENTRY--TOPICAL TERM | |
| Topical term or geographic name as entry element | Animals |
| General subdivision | Fiction. |
| 650 ## - SUBJECT ADDED ENTRY--TOPICAL TERM | |
| Topical term or geographic name as entry element | Children stories. |
| Withdrawn status | Lost status | Damaged status | Use restrictions | Home library | Current library | Shelving location | Date acquired | Source of acquisition | Total Checkouts | Full call number | Barcode | Date last seen | Price effective from | Koha item type |
|---|---|---|---|---|---|---|---|---|---|---|---|---|---|---|
| Munich Library | Munich Library | Teachers Reference Section | 09/10/2004 | TR IW2 1989 | M5076 | 04/14/2014 | 04/14/2014 | Books |